| 000 | 00674nam a2200265 a 4500 | ||
|---|---|---|---|
| 001 | 37814 | ||
| 003 | AR-BaAGN | ||
| 005 | 20250108143314.0 | ||
| 007 | ta | ||
| 008 | 220625s2012 ag |||||r|||| ||||||spa d | ||
| 020 | _a9789876281775 | ||
| 040 |
_dAR-BaAGN _aAR-BaAGN _bspa _eaacr |
||
| 100 | 1 |
_aBotana, Natalio Rafael, _d1937- _96857 |
|
| 245 | 1 | 0 | _aEl orden conservador |
| 250 | _a1ª ed. | ||
| 260 |
_aBuenos Aires : _bEdhasa, _c2012. |
||
| 300 | _a352 páginas | ||
| 336 |
_2rdacontent _btxt |
||
| 337 |
_2rdamedia _bn |
||
| 338 |
_2rdacarrier _bnc |
||
| 650 | 4 |
_aHISTORIOGRAFÍA _91523 |
|
| 650 | 4 |
_aHISTORIA ARGENTINA _92450 |
|
| 942 | _cLIBRO | ||
| 999 |
_c37814 _d37814 |
||